Fundamentals of heat and mass transfer (Record no. 179995)

000 -LEADER
fixed length control field 00433nam a2200145Ia 4500
008 - FIXED-LENGTH DATA ELEMENTS--GENERAL INFORMATION
fixed length control field 220217s9999||||xx |||||||||||||| ||und||
020 ## - INTERNATIONAL STANDARD BOOK NUMBER
International Standard Book Number 978-81-265-2764-9
082 ## - DEWEY DECIMAL CLASSIFICATION NUMBER
Classification number 621.4 INC
100 ## - MAIN ENTRY--PERSONAL NAME
Personal name Incropera, Frank, P. Dewitt, David, P. Bergman, Theodore, L
245 #0 - TITLE STATEMENT
Title Fundamentals of heat and mass transfer
250 ## - EDITION STATEMENT
Edition statement 6th
260 ## - PUBLICATION, DISTRIBUTION, ETC.
Place of publication, distribution, etc. John wiely & sons Inc.
Name of publisher, distributor, etc. New Delhi
Date of publication, distribution, etc. 2010
300 ## - PHYSICAL DESCRIPTION
Other physical details 499
650 ## - SUBJECT ADDED ENTRY--TOPICAL TERM
Topical term or geographic name entry element MECHANICHAL
Holdings
Withdrawn status Lost status Damaged status Not for loan Collection code Home library Current library Shelving location Date acquired Full call number Barcode Date last seen Price effective from Koha item type
        Mechanical Engineering Central Library Central Library Reference 02/18/2022 621.4 INC 15184 02/18/2022 02/18/2022 Books

Powered by Koha